Guess the Fusion Rock Song Lyrics #114 - Statistics

General Stats
  • This quiz has been taken 24 times
  • The average score is 129 of 181
Answer Stats
Answer % Correct
I
100%
a
95%
And
95%
and
95%
love
95%
you
95%
can't
90%
It
90%
it
90%
to
90%
To
90%
be
85%
for
85%
For
85%
My
85%
so
85%
the
85%
go
80%
her
75%
is
75%
let
75%
you're
75%
You're
75%
am
70%
are
70%
not
70%
Now
70%
now
70%
that
70%
With
70%
feel
65%
I'll
65%
I'm
65%
I"m
65%
time
65%
way
65%
woman
65%
But
60%
know
60%
long
60%
Ooh
60%
some
60%
takes
55%
told
55%
feeling
50%
wrong
50%
grow
45%
who's
45%
ought
40%
show
40%
song
40%
close
35%
hold
35%
might
35%
steel
35%
strong
35%
lost
30%
magnet
30%
reveal
30%
secrets
30%
shy
25%
try
25%
Walter Egan
25%
hope
20%
No matching quizzes found
Score Distribution
Percent of People with Each Score
Percentile by Number Answered
Your Score History
You have not taken this quiz